| 000 | 00565cam a2200181 4500 | ||
|---|---|---|---|
| 001 | X113537 | ||
| 008 | 000000n2001 000 0 eng u | ||
| 035 | _a(Sirsi) u113537 | ||
| 100 | _aBennett, D. | ||
| 245 | _aStack 'em high, rent 'em cheap | ||
| 260 | _c2001 | ||
| 490 |
_aContract Journal _v409(6333) 27 June 2001, 14-15(2) |
||
| 520 | _aLooks at the use of standard shipping containers to provide cost-effective, flexible office space. | ||
| 650 | _aOFFICES | ||
| 650 | _aPREFABRICATION | ||
| 690 | _aBUILT ENVIRONMENT-CONSTRUCTION DESIGN | ||
| 942 | _n0 | ||
| 999 |
_c67629 _d67629 |
||